Did They Make It? Quiz Stats

 Plays Quiz Updated Apr 22, 2018

Score 0/15 Timer 04:00
1 Play Today
Question Answer Wrong Answers
Movies: In Peter Jackson’s Lord of the Rings trilogy, does Frodo reach Mount Doom and return safely to the Shire? Yes
94.6%
No
5.4%
Television: In season 1 of The Walking Dead, do the survivors make it inside the CDC building in Atlanta? Yes
73.2%
No
24%
Geography: In Robert Scott's expedition to the South Pole in 1912, did he return safely to civilization? No
70.7%
Yes
27.6%
Religion: After the Jews escaped from Egypt, did Moses ever set foot in the Promised Land? No
68.4%
Yes
25.3%
Entertainment: At the end of Act 1 of Les Misérables, Valjean plans to flee France with Cosette. Do they do so? No
67.8%
Yes
23.7%
Miscellaneous: In 2017, did a KFC chicken sandwich enter the stratosphere on a high-altitude balloon and return safely to Earth? Yes
66.1%
No
25.4%
Language: Was the Rosetta Stone safely returned to France by Napoleon’s forces? No
62.4%
Yes
29.9%
Just For Fun: If you enter a two-dimensional maze and immediately put your hand on the right-hand wall, and always choose your turns keeping your hand on that wall, will you find your way to the exit? Yes
62.4%
No
30.2%
History: When Ferdinand Magellan set out to sail around the world in 1519-1521, did he return safely to Spain? No
60.1%
Yes
36.1%
Science: Did Laika return safely to Earth from her 1957 flight aboard Sputnik 2? No
56.1%
Yes
38.1%
Sports: In 1851, did the yacht America complete the first America’s Cup race around the Isle of Wight? Yes
55.1%
No
36.5%
Holiday: The Hajj is an annual Islamic pilgrimage to Mecca. Did Muhammad safely complete the journey from Medina to Mecca himself? Yes
55.1%
No
36.9%
Gaming: In a “successful” playthrough of Myst, does Atrus ever set foot in the world you start in? Yes
53.9%
No
39.1%
Literature: In Jules Verne’s Journey to the Center of the Earth, do the Professor and his nephew reach the Earth’s center? No
52.1%
Yes
47.1%
Music: In Arlo Guthrie’s song “City of New Orleans,” does the narrator arrive in New Orleans? No
41.5%
Yes
53.6%

You're not logged in!

Compare scores with friends on all Sporcle quizzes.
OR
Log In

Sporcle TV

Today on Sporcle TV


Watch our educational content, quiz creation guides, and fun videos on Sporcle TV.

Show Comments

Extras

Top Quizzes Today


Score Distribution

Your Account Isn't Verified!

In order to create a playlist on Sporcle, you need to verify the email address you used during registration. Go to your Sporcle Settings to finish the process.

Report this User

Report this user for behavior that violates our Community Guidelines.

Details: